[Event "RUS-Cup02"]
[Site "Moscow"]
[Date "1998.??.??"]
[Round "8"]
[White "Iskusnyh, Sergei"]
[Black "Umanskaya, Irina"]
[Result "1/2-1/2"]
[WhiteElo "2455"]
[BlackElo "2325"]

1.Nf3 Nf6 2.c4 g6 3.Nc3 Bg7 4.e4 d6 5.d4 O-O 6.Be2 e5 7.O-O Nc6 8.d5 Ne7
9.b4 Nh5 10.Re1 c6 11.Qb3 Nf4 12.Bxf4 exf4 13.Rad1 cxd5 14.exd5 b6 15.Nd4 Nf5
16.Nc6 Qg5 17.Ne4 Qh4 18.Rd3 Re8 19.Bf1 Bd7 20.Qd1 Ne3 21.fxe3 Rxe4 22.Qf3 Rae8
23.g3 fxg3 24.hxg3 Qg5 25.Ra3 a6 26.Bg2 Bc8 27.c5 bxc5 28.bxc5 dxc5 29.d6 f5  1/2-1/2

[Event "Goldberg mem"]
[Site "Moscow"]
[Date "1998.??.??"]
[Round "9"]
[White "Danielian, Oganes"]
[Black "Nalbandian, Tigran"]
[Result "1-0"]
[WhiteElo "2450"]
[BlackElo "2440"]

1.d4 Nf6 2.c4 g6 3.Nc3 Bg7 4.e4 d6 5.Nf3 O-O 6.Be2 e5 7.O-O Nc6 8.d5 Ne7
9.Nd2 a5 10.a3 Nd7 11.Rb1 f5 12.b4 Kh8 13.Qc2 Nf6 14.Bb2 b6 15.Rbd1 Ne8 16.Nb5 Nf6
17.f3 axb4 18.axb4 f4 19.c5 g5 20.g4 h5 21.h3 hxg4 22.hxg4 Rf7 23.Kg2 Bf8
24.Rh1+ Rh7 25.Nc4 Bd7 26.c6 Bc8 27.Rxh7+ Kxh7 28.Rh1+ Kg8 29.Qb3 Kg7 30.Nxe5 dxe5
31.Bxe5  1-0

[Event "EU-ch U16"]
[Site "Murek"]
[Date "1998.??.??"]
[Round "4"]
[White "Poliakov, Dmitry"]
[Black "Korobov, Anton"]
[Result "0-1"]
[WhiteElo "2170"]
[BlackElo "2350"]

1.d4 Nf6 2.c4 g6 3.Nf3 Bg7 4.Nc3 d6 5.e4 O-O 6.Be2 e5 7.O-O Nc6 8.dxe5 dxe5
9.Bg5 Qxd1 10.Rfxd1 Bg4 11.Rd2 Bxf3 12.gxf3 Nd4 13.f4 Nd7 14.f5 c6 15.Kg2 a5
16.fxg6 hxg6 17.h4 Bf6 18.Bg4 Bxg5 19.hxg5 f5 20.Bh3 Rf7 21.Rad1 Nb6 22.b3 Ne6
23.exf5 gxf5 24.Rd6 Re8 25.Kf1 Kg7 26.R1d3 Nf4 27.Rg3 Nc8 28.Rd2 Kg6 29.Bg2 e4
30.Ne2 Nh5 31.Rc3 Kxg5 32.Rh3 Nb6 33.f4+ Nxf4 34.Nxf4 Kxf4 35.Rf2+ Kg5 36.Rg3+ Kf6
37.Re3 Kg7 38.Rf4 Nd7 39.Bh3 Re5 40.Rg3+ Kf6 41.Ke2 Nc5 42.Rh4 Ke6 43.Rh6+ Ke7
44.Rg8 e3 45.Rb8  0-1

[Event "EU-ch U16"]
[Site "Murek"]
[Date "1998.??.??"]
[Round "5"]
[White "Streikus, Simonas"]
[Black "Hodge, David"]
[Result "0-1"]
[WhiteElo "2205"]
[BlackElo "2130"]

1.d4 Nf6 2.c4 g6 3.Nc3 Bg7 4.e4 d6 5.Be2 O-O 6.Nf3 e5 7.O-O Nc6 8.d5 Ne7
9.Ne1 Nd7 10.Be3 f5 11.f3 Nf6 12.c5 f4 13.Bf2 g5 14.Rc1 a6 15.Qb3 g4 16.cxd6 cxd6
17.Bb6 Qe8 18.fxg4 Bxg4 19.Nf3 Bh6 20.Qb4 Nc8 21.Bf2 Rf7 22.Rc2 Rg7 23.Kh1 Qg6
24.Rg1 Kh8 25.a4 a5 26.Qc4 Ne7 27.Nh4 Qh5 28.h3 Rag8 29.Bxg4 Nxg4 30.Qe2 f3
31.Nxf3 Bf4 32.Qf1 Be3 33.Nd1 Bxf2 34.Rxf2 Nxf2+ 35.Qxf2 Ng6 36.Ne3 Nf4 37.Kh2 Rg3
38.Qxg3 Rxg3 39.Kxg3 Ne2+ 40.Kf2 Nxg1 41.Kxg1 Qe8 42.b3 Qc8 43.Nc4 b5 44.axb5 a4
45.Kh2 axb3 46.Nfd2 Qc5 47.b6 Qb4 48.b7 Qxb7 49.Na5 Qb4 50.Naxb3 Qc3 51.Kh1 Kg7
52.Kh2 Kg6 53.g3 Qe3  0-1

[Event "EU-ch U18 Girls"]
[Site "Murek"]
[Date "1998.??.??"]
[Round "6"]
[White "Chasovnikova, Eugenia"]
[Black "Kucypera, Anna"]
[Result "1/2-1/2"]
[WhiteElo "2260"]
[BlackElo "2130"]

1.Nf3 Nf6 2.d4 g6 3.c4 Bg7 4.Nc3 O-O 5.e4 d6 6.Be2 e5 7.O-O Nc6 8.d5 Ne7
9.b4 Nh5 10.Re1 f5 11.Ng5 Nf4 12.Bxf4 exf4 13.Rc1 h6 14.Ne6 Bxe6 15.dxe6 Bxc3
16.Rxc3 fxe4 17.Bg4 d5 18.cxd5 Qxd5 19.Rxc7 Qg5 20.Rxe4 Rac8 21.Rxc8 Rxc8
22.Rd4 f3 23.h4 Qxh4 24.Bxf3 Qg5 25.Rd8+ Rxd8 26.Qxd8+ Kh7 27.Qc7 b6 28.Qxa7 Qc1+
29.Kh2 Qf4+ 30.g3 Qxb4 31.Qd7 h5 32.Qe8 Qc5 33.Qf7+ Kh6 34.Qf8+ Kh7 35.Be4 Qd6
36.Qf7+ Kh6 37.Qf6 Kh7 38.Kg2 Qc5 39.f4 Qb4 40.Kh2 Qc5 41.Kh3 Qb4 42.Qe5 Kg8
43.f5 gxf5 44.Bxf5 Qa5 45.Qxa5 bxa5 46.Bd3 Kg7 47.Kh4 Kf6 48.Kxh5 Kxe6 49.g4 Kf6
50.g5+ Kg7 51.Be4 Nc8 52.a4 Nb6 53.Bc2 Nd5 54.Bb3 Ne3 55.Be6 Kh7 56.g6+ Kg7
57.Kg5 Nd1 58.Bf7 Nc3 59.Be8 Ne4+ 60.Kf4 Nc3 61.Kf5 Na2 62.Bf7 Nc3 63.Bb3 Ne2
64.Ke4 Kxg6 65.Kd3 Nc1+ 66.Kc4 Nxb3 67.Kxb3 Kf7 68.Kc4 Ke7 69.Kb5 Kd7 70.Kxa5  1/2-1/2

[Event "New Castle on Tyne op"]
[Site "New Castle on Tyne"]
[Date "1998.??.??"]
[Round "7"]
[White "Gormally, Daniel"]
[Black "Storey, Charles"]
[Result "1-0"]
[WhiteElo "2415"]
[BlackElo "2225"]

1.d4 Nf6 2.Nf3 g6 3.c4 Bg7 4.Nc3 d6 5.e4 O-O 6.Be2 e5 7.O-O Nc6 8.d5 Ne7
9.b4 Nh5 10.Re1 h6 11.Nd2 Nf4 12.Bf1 g5 13.c5 f5 14.Nc4 Nfg6 15.Ba3 f4 16.Rc1 Rf6
17.Nb5 dxc5 18.bxc5 c6 19.Nbd6 Kh7 20.Nxc8 Rxc8 21.d6 Ng8 22.Bb2 Rf7 23.Be2 b5
24.cxb6 axb6 25.Bg4 f3 26.g3 b5 27.Ne3 Nf6 28.Bf5 Nd7 29.Qxf3 Kh8 30.Qh5 Rxf5
31.exf5 Ngf8 32.Ng4  1-0

[Event "US-ch U20"]
[Site "New York"]
[Date "1998.??.??"]
[Round "5"]
[White "Shahade, Gregory"]
[Black "Mc Clelland, Shearwood"]
[Result "1-0"]
[WhiteElo "2320"]
[BlackElo "2130"]

1.c4 Nf6 2.Nc3 g6 3.e4 d6 4.d4 Bg7 5.Be2 O-O 6.Nf3 e5 7.O-O Nc6 8.d5 Ne7
9.Nh4 Ne8 10.g3 Bh3 11.Re1 c6 12.Bg4 Bxg4 13.Qxg4 f5 14.Qe2 cxd5 15.cxd5 Kh8
16.Rd1 Nf6 17.Nf3 h6 18.b3 Qc8 19.Bb2 f4 20.Nb5 fxg3 21.hxg3 Qg4 22.Re1 Nfxd5
23.Nd2 Nf6 24.Qxg4 Nxg4 25.f3 Nf6 26.Nxd6 Nh5 27.Kg2 Rad8 28.N2c4 Nc6 29.Nxb7 Rd3
30.Re3 Rxe3 31.Nxe3 Nd4 32.Bxd4 exd4 33.Nc4 g5 34.e5 Kh7 35.Nbd6 Rd8 36.Rd1 Bf8
37.Rxd4 Ng7 38.Nf5 Rxd4 39.Nxd4 Bc5 40.Ne2 Ne6 41.f4 gxf4 42.gxf4 Kg6 43.Kf3 h5
44.Ke4 Ng7 45.f5+ Nxf5 46.Nf4+ Kg5 47.Ne6+ Kg4 48.Nxc5 Ne7 49.Ne3+ Kg5 50.Ne6+ Kg6
51.Nf4+ Kg5 52.Ned5 Nc6 53.e6  1-0

[Event "Nizhnij Tagil"]
[Site "Nizhnij Tagil"]
[Date "1998.??.??"]
[Round "1"]
[White "Neverov, Valeriy"]
[Black "Kuljabin, Vadim"]
[Result "1-0"]
[WhiteElo "2540"]
[BlackElo "2450"]

1.d4 Nf6 2.c4 g6 3.Nc3 Bg7 4.e4 d6 5.Nf3 O-O 6.Be2 e5 7.O-O Nc6 8.d5 Ne7
9.Ne1 Nd7 10.Nd3 f5 11.Bd2 Nf6 12.f3 Kh8 13.Rc1 Neg8 14.exf5 gxf5 15.f4 c6
16.fxe5 dxe5 17.Nxe5 cxd5 18.cxd5 Nxd5 19.Nxd5 Qxd5 20.Bf4 Be6 21.Bf3 Qb5
22.Qe1 Rae8 23.Rc7 Bf6 24.Rxb7 Qc5+ 25.Qf2 Qxf2+ 26.Rxf2 Bxa2 27.Re2 Re7
28.Rxe7 Nxe7 29.Nd7 Bd4+ 30.Be3 Bxe3+ 31.Rxe3 Rf7 32.Ra3 Bd5 33.Rxa7 Bxf3
34.Ne5 Rf6 35.Nxf3 Nd5 36.Rd7 Ne3 37.Kf2 Re6 38.h3 Nc4 39.b3 Nd6 40.Rxh7+ Kxh7
41.Ng5+ Kg6 42.Nxe6 Kf6 43.Nf4 Ke5 44.Ke3 Ne4 45.h4 Nf6 46.Nd3+ Ke6 47.Kf4  1-0

[Event "Nizhnij Tagil"]
[Site "Nizhnij Tagil"]
[Date "1998.??.??"]
[Round "3"]
[White "Ulibin, Mikhail"]
[Black "Kuljabin, Vadim"]
[Result "1-0"]
[WhiteElo "2575"]
[BlackElo "2450"]

1.d4 Nf6 2.c4 g6 3.Nc3 Bg7 4.e4 d6 5.Nf3 O-O 6.Be2 e5 7.O-O Nc6 8.d5 Ne7
9.Nd2 c5 10.dxc6 bxc6 11.b4 Ne8 12.Nb3 Nc7 13.Be3 Ne6 14.Qd2 f5 15.f3 Qc7
16.Rac1 Qb7 17.b5 Rd8 18.Na5 Qd7 19.bxc6 Nxc6 20.Nxc6 Qxc6 21.Nd5 Qd7 22.exf5 gxf5
23.f4 e4 24.g4 Bb7 25.Rb1 Bc6 26.gxf5 Nc7 27.f6 Bxd5 28.fxg7 Bf7 29.f5 d5
30.Rbd1 Qe8 31.c5 Rac8 32.Bd4 Qc6 33.Qg5 Na6 34.Rf4 Nxc5 35.Rh4  1-0

[Event "Nizhnij Tagil"]
[Site "Nizhnij Tagil"]
[Date "1998.??.??"]
[Round "4"]
[White "Shariyazdanov, Andrey"]
[Black "Neverov, Valeriy"]
[Result "1/2-1/2"]
[WhiteElo "2495"]
[BlackElo "2540"]

1.d4 Nf6 2.c4 g6 3.Nc3 Bg7 4.e4 d6 5.Be2 O-O 6.Nf3 e5 7.O-O Nc6 8.d5 Ne7
9.b4 a5 10.Ba3 Ne8 11.c5 axb4 12.Bxb4 Bd7 13.Qb3 Nc8 14.a4 dxc5 15.Bxc5 Ned6
16.Nd2 Bh6 17.Nc4 Nxc4 18.Bxc4 Nd6 19.Bd3 b6 20.Bb4 Re8 21.a5 bxa5 22.Bxa5 Qg5
23.Rfb1 Ra7 24.Bb4 Rxa1 25.Rxa1 Rb8 26.Qa3 Bh3 27.g3 Qf6 28.Bxd6 cxd6 29.Bf1 Bd7
30.Qa7 Qd8 31.Qa6 Bd2  1/2-1/2

[Event "Nizhnij Tagil"]
[Site "Nizhnij Tagil"]
[Date "1998.??.??"]
[Round "6"]
[White "Tosic, Miroslav"]
[Black "Kuljabin, Vadim"]
[Result "1-0"]
[WhiteElo "2505"]
[BlackElo "2450"]

1.d4 Nf6 2.c4 g6 3.Nc3 Bg7 4.e4 d6 5.Nf3 O-O 6.Be2 e5 7.O-O Nc6 8.d5 Ne7
9.b4 Nh5 10.Re1 Nf4 11.Bxf4 exf4 12.Rc1 h6 13.c5 g5 14.h3 Ng6 15.Nh2 a5 16.a3 axb4
17.axb4 Ne5 18.Nb5 f5 19.cxd6 cxd6 20.Nc7 Ra3 21.exf5 Bxf5 22.Ne6 Qb6 23.Nxf8 Kxf8
24.Bg4 Rg3 25.Bxf5 f3 26.Rc2 Rxg2+ 27.Kh1 Rxf2 28.Rf1 Rxf1+ 29.Qxf1 Qd4 30.Be6 Qe4
31.Rf2 h5 32.Qc1 g4 33.Qg5 Qe1+ 34.Rf1  1-0

[Event "Nova Gorica op"]
[Site "Nova Gorica"]
[Date "1998.??.??"]
[Round "5"]
[White "Jelen, Igor"]
[Black "Guid, Matej"]
[Result "1/2-1/2"]
[WhiteElo "2430"]
[BlackElo "2170"]

1.d4 Nf6 2.c4 g6 3.Nc3 Bg7 4.e4 d6 5.Nf3 O-O 6.Be2 e5 7.O-O Nc6 8.d5 Ne7
9.Nd2 Nd7 10.b4 f5 11.f3 Nf6 12.c5 f4 13.Nc4 g5 14.g4 h5 15.h3 Ng6 16.a4 Kf7
17.Ba3 Rh8 18.Kg2 Bf8 19.a5 Be7 20.b5 hxg4 21.hxg4 b6 22.axb6 axb6 23.cxb6 cxb6
24.Na4 Rb8 25.Bb4 Bxg4 26.fxg4 Nxe4 27.Qd3 Nf6 28.Nc3 Ra8 29.Rad1 Rh4 30.Kf2 Qh8
31.Ke1 Rh2 32.Qf5 Qh4+ 33.Kd2 Qxg4 34.Qxg4 Nxg4 35.Nxb6 Rb8 36.Nc4 Nh6 37.Bxd6 Bxd6
38.Nxd6+ Ke7 39.Nde4 Nf5 40.Nxg5 Nd4 41.Rh1 Rg2 42.Rdg1 f3 43.Rxg2 fxg2 44.Rg1 Nf4
45.Bd3 Rg8 46.Nce4 Nxd5 47.Rxg2 Nf3+ 48.Kc1 Nf4 49.Bc4 Rc8 50.Rc2 Nd4 51.Rc3 Nfe2+
52.Bxe2 Nxe2+ 53.Kb2 Nxc3 54.Nxc3 e4 55.Ngxe4 Rb8 56.Kb3 Rxb5+ 57.Nxb5  1/2-1/2

[Event "Nova Gorica op"]
[Site "Nova Gorica"]
[Date "1998.??.??"]
[Round "9"]
[White "Jelen, Igor"]
[Black "Veber, Bojan"]
[Result "1-0"]
[WhiteElo "2430"]
[BlackElo "2125"]

1.d4 Nf6 2.c4 g6 3.Nc3 Bg7 4.e4 d6 5.Nf3 O-O 6.Be2 e5 7.O-O Nc6 8.d5 Ne7
9.Nd2 c5 10.dxc6 bxc6 11.b4 d5 12.a4 d4 13.Na2 Ne8 14.Ba3 a6 15.Nc1 f5 16.Nd3 Nd6
17.Nc5 Bh6 18.Bd3 Kh8 19.Qe2 f4 20.f3 g5 21.b5 Rg8 22.h3 Bf8 23.bxa6 h5 24.Rfb1 Ng6
25.Nb7 Qf6 26.Rb6 Nf7 27.Kf1 g4 28.hxg4 hxg4 29.Ke1 Nh4 30.Bxf8 gxf3 31.gxf3 Rg1+
32.Nf1 Bh3 33.Qf2 Rg2 34.Ra2 Rxf2 35.Rxf2 Ng2+ 36.Ke2 Rxf8 37.Na5 Qd6 38.a7 Qc7
39.Ra6 Ra8 40.Nxc6 Qb7 41.c5 Qb2+ 42.Nd2 Bc8 43.Rb6 Qc1 44.Rxg2 Qxc5 45.a5 Nd6
46.Rg5 Qc1 47.Rb1  1-0

[Event "RUS-ch sf"]
[Site "Novosibirsk"]
[Date "1998.??.??"]
[Round "?"]
[White "Iskusnyh, Sergei"]
[Black "Bogachkov, Igor"]
[Result "1/2-1/2"]
[WhiteElo "2455"]
[BlackElo "2315"]

1.Nf3 Nf6 2.c4 g6 3.Nc3 Bg7 4.e4 d6 5.d4 O-O 6.Be2 e5 7.O-O Nc6 8.d5 Ne7
9.b4 Nh5 10.Re1 Nf4 11.Bf1 a5 12.bxa5 c5 13.Rb1 Rxa5 14.Nd2 Kh8 15.g3 Nh5
16.Bg2 f5 17.exf5 Nxf5 18.Nde4 Nf6 19.Bg5 h6 20.Bxf6  1/2-1/2

[Event "RUS-ch sf"]
[Site "Novosibirsk"]
[Date "1998.??.??"]
[Round "?"]
[White "Iskusnyh, Sergei"]
[Black "Zaitsev, Vadim"]
[Result "1-0"]
[WhiteElo "2455"]
[BlackElo "2425"]

1.Nf3 Nf6 2.c4 g6 3.d4 Bg7 4.Nc3 d6 5.e4 O-O 6.Be2 e5 7.O-O Nc6 8.d5 Ne7
9.b4 Nh5 10.Re1 Nf4 11.Bf1 a5 12.bxa5 Rxa5 13.a4 c5 14.Nb5 Ra6 15.Ra3 Nh5
16.Nd2 Kh8 17.g3 Ng8 18.Be2 Nhf6 19.f4 exf4 20.gxf4 Nd7 21.Nf3 h6 22.Bf1 Re8
23.Bg2 Nb6 24.Qc2 Bg4 25.Nd2 Nd7 26.Nf1 Qh4 27.Rg3 Re7 28.Bd2 f5 29.Ne3 Ndf6
30.exf5 Rxe3 31.Bxe3 Bxf5 32.Qe2 Nh5 33.Bf2 Nxf4 34.Qe8 Kh7 35.Nc7 Rb6 36.Qf7 Qf6
37.Qxf6 Bxf6 38.Bf1 Rb2 39.Nb5 Be7 40.Rge3 Bf8 41.Re8 Bg7 42.Nxd6 Bh3 43.R8e4 Bxf1
44.Rxf4 Bh3 45.Rf3 Bd7 46.Rf7 Bxa4 47.Bxc5 Rd2 48.Ne4  1-0

[Event "RUS-ch sf"]
[Site "Novosibirsk"]
[Date "1998.??.??"]
[Round "?"]
[White "Ivanov, Timur"]
[Black "Roppel, Konstantin"]
[Result "1/2-1/2"]
[WhiteElo "2380"]
[BlackElo "2260"]

1.Nf3 Nf6 2.c4 g6 3.Nc3 Bg7 4.e4 d6 5.d4 O-O 6.Be2 e5 7.O-O Nc6 8.d5 Ne7
9.b4 Nh5 10.Re1 a5 11.bxa5 c5 12.Nd2 Nf4 13.Bf1 Rxa5 14.a4 Ra6 15.Ra3 g5
16.g3 Nh3+ 17.Bxh3 Bxh3 18.Qh5 Qd7 19.Qxg5 f5 20.Nb5 Rf6 21.exf5 Nxf5 22.Ne4 Rg6
23.Qd2 Ra8 24.Qe2 Nd4 25.Nxd4 cxd4 26.a5 Rf8 27.Rb3 Bf5 28.Bd2 Qc7 29.Rc1 Bh6
30.Bxh6 Rxh6 31.Rb6 Qg7 32.f3 Bxe4 33.Qxe4 Rxh2 34.Kxh2 Qh6+ 35.Kg2 Qxc1
36.Qg4+ Kh8 37.Rxd6 Qc2+ 38.Kh3 Rf6  1/2-1/2

[Event "RUS-ch sf"]
[Site "Novosibirsk"]
[Date "1998.??.??"]
[Round "?"]
[White "Petrov, Sergei"]
[Black "Loskutov, Oleg"]
[Result "1/2-1/2"]
[WhiteElo "2260"]
[BlackElo "2350"]

1.Nf3 Nf6 2.c4 g6 3.Nc3 Bg7 4.e4 d6 5.d4 O-O 6.Be2 e5 7.O-O Nc6 8.d5 Ne7
9.b4 Nh5 10.Re1 Nf4 11.Bf1 a5 12.bxa5 Rxa5 13.a4 f5 14.Ra3 b6 15.Bxf4 exf4
16.e5 dxe5 17.Nb5 e4 18.Ng5 Be5 19.Rh3 h5 20.Nf3 Bf6 21.Nfd4 Bd7 22.Be2 Bxd4
23.Qxd4 Bxb5 24.cxb5 Nc8 25.Rc1 Nd6 26.Bd1 Rf7 27.Rhc3 Ra7 28.Rc6 Kh7 29.h4 Qxh4
30.Be2 Qd8 31.R1c3 Rd7 32.Qd1 Qg5 33.Qc1 Kh6 34.Rxc7 Rdxc7 35.Rxc7 Rxc7 36.Qxc7 f3
37.Bf1 fxg2 38.Qxd6 gxf1=Q+ 39.Kxf1 Qc1+ 40.Kg2 Qg5+ 41.Qg3 Qf6 42.Qe3+ Kg7
43.a5 bxa5 44.b6 Qe5 45.Qc5 e3 46.fxe3 Qb2+ 47.Kf3 Qb1 48.Qc7+ Kh6 49.b7 Qf1+
50.Kg3 Qg1+ 51.Kh3 Qh1+  1/2-1/2

[Event "Nyirsegi Torna op"]
[Site "Nyirsegi Torna"]
[Date "1998.??.??"]
[Round "1"]
[White "Rat, Dan"]
[Black "Toth, Gabor"]
[Result "1-0"]
[WhiteElo "2265"]
[BlackElo "2160"]

1.d4 Nf6 2.c4 g6 3.Nc3 Bg7 4.e4 d6 5.Nf3 O-O 6.Be2 e5 7.O-O Nc6 8.d5 Ne7
9.b4 a5 10.bxa5 Rxa5 11.Nd2 Ra8 12.Nb3 Nd7 13.Be3 f5 14.f3 f4 15.Bf2 g5 16.c5 Rf6
17.Nb5 Rh6 18.cxd6 cxd6 19.Nd2 Qe8 20.Re1 Qh5 21.Nf1 Nf8 22.a4 Bd7 23.Rc1 Neg6
24.Nxd6 Nh4 25.Nf5 Nxf5 26.exf5 Bxf5 27.Rc7 Qg6 28.g4 fxg3 29.Nxg3 Bd7 30.Bb5 Bxb5
31.axb5 Ra3 32.Re3 Ra5 33.Rd3 e4 34.fxe4 Be5 35.Nf5 Bxh2+ 36.Kg2 Bd6 37.Rg7+ Qxg7
38.Nxg7 Rh2+ 39.Kg1  1-0

[Event "RUS-Cup"]
[Site "Omsk/Perm"]
[Date "1998.??.??"]
[Round "1"]
[White "Iskusnyh, Sergei"]
[Black "Ershova, Svetlana"]
[Result "1/2-1/2"]
[WhiteElo "2455"]
[BlackElo "2210"]

1.Nf3 Nf6 2.c4 g6 3.Nc3 Bg7 4.e4 d6 5.d4 O-O 6.Be2 e5 7.O-O Nc6 8.d5 Ne7
9.b4 Nh5 10.Re1 Nf4 11.Bf1 a5 12.bxa5 Rxa5 13.a4 c5 14.Ra3 Ra6 15.Nb5 Kh8
16.Nd2 Ng8 17.g3 Nh5 18.Be2 Ngf6 19.Bb2 Bh6 20.f4 exf4 21.Qa1 Kg8 22.Nf1 Ng4
23.h3 Ne3 24.Nxe3 fxe3 25.Bxh5 gxh5 26.Bf6 Qd7 27.g4 hxg4 28.Raxe3 Bf4 29.Qc3 Re8
30.Rg3 Be5 31.Bxe5 dxe5 32.d6 Rxd6 33.Nxd6 Qxd6 34.hxg4 Bd7 35.a5 Bc6 36.Rf3 Qg6
37.Qd3 Kh8 38.Rg3 Qg5 39.Qe3 Qh4 40.Kg2 Rd8 41.Qxc5 Rd2+ 42.Kf1 Kg8 43.Qe3 Bxe4
44.Qxd2 Qxg3 45.Rxe4 Qf3+ 46.Kg1 Qxe4 47.Qd8+ Kg7 48.Qg5+  1/2-1/2

[Event "RUS-Cup"]
[Site "Omsk/Perm"]
[Date "1998.??.??"]
[Round "3"]
[White "Iskusnyh, Sergei"]
[Black "Kalin, Viktor L"]
[Result "1-0"]
[WhiteElo "2455"]
[BlackElo "2355"]

1.Nf3 Nf6 2.c4 g6 3.Nc3 Bg7 4.e4 d6 5.d4 O-O 6.Be2 e5 7.O-O Nc6 8.d5 Ne7
9.b4 Ne8 10.c5 f5 11.Ng5 fxe4 12.Bc4 Nf6 13.Ngxe4 Bf5 14.f3 Kh8 15.Bg5 Nh5
16.Nb5 Bxe4 17.fxe4 Bf6 18.Bh6 Ng7 19.Qg4 a6 20.Nc3 Ng8 21.Be3 Qe7 22.a4 Nh5
23.c6 b6 24.g3 a5 25.bxa5 Rxa5 26.Nb5 Raa8 27.Kg2 Qg7 28.Bd2 Bd8 29.Rxf8 Qxf8
30.a5 Nhf6 31.Qf3 bxa5 32.Rxa5 Rxa5 33.Bxa5 Qe7 34.Kf2 Kg7 35.Bf1 Nh6 36.h3 Nf7
37.h4 g5 38.Ke2 gxh4 39.gxh4  1-0

[Event "RUS-Cup"]
[Site "Omsk/Perm"]
[Date "1998.??.??"]
[Round "4"]
[White "Rashkovsky, Nukhim N"]
[Black "Shchekachev, Andrei"]
[Result "1/2-1/2"]
[WhiteElo "2505"]
[BlackElo "2565"]

1.d4 Nf6 2.c4 g6 3.Nc3 Bg7 4.e4 O-O 5.Nf3 d6 6.Be2 e5 7.O-O Nc6 8.d5 Ne7
9.b4 c6 10.Rb1 a5 11.a3 axb4 12.axb4 Nh5 13.Re1 Nf4 14.Bf1 cxd5 15.cxd5 Bd7
16.Be3 Nc8 17.Ra1 Rb8 18.Nd2 f5 19.f3 Bh6 20.g3 Bg7 21.Nc4 Nh5 22.Bf2 Nf6
23.Be3  1/2-1/2

[Event "NOR-ch"]
[Site "Oslo"]
[Date "1998.??.??"]
[Round "3"]
[White "Johansen, Terje"]
[Black "Djurhuus, Rune"]
[Result "0-1"]
[WhiteElo "2260"]
[BlackElo "2510"]

1.d4 Nf6 2.c4 g6 3.Nc3 Bg7 4.e4 d6 5.Nf3 O-O 6.Be2 e5 7.O-O Nc6 8.d5 Ne7
9.Ne1 Nd7 10.Be3 f5 11.f3 f4 12.Bf2 g5 13.Rc1 Ng6 14.c5 Nxc5 15.b4 Na6 16.Nd3 Rf7
17.Nb5 Bd7 18.a4 h5 19.Nxa7 Bh6 20.Rc3 Rg7 21.Nb5 Nf8 22.h3 Nh7 23.Be1 Nf6
24.Nf2 Kh8 25.Qb3 Kh7 26.Qb2 Bc8 27.Kh2 Qg8 28.Rh1 Qf7 29.Kg1 Ne8 30.Kh2 Bd7
31.Nd3 Rc8 32.Na7 Ra8 33.Nb5 Qg8 34.Nf2 Rg6 35.Rc2 Rg7 36.Rc3 Bc8 37.Kg1 Nf6
38.Kh2 Qf8 39.Kg1 Qf7 40.Kh2 Ne8 41.Nd3 Rg6 42.Kg1 Bg7 43.Qc2 Bf6 44.Na3 Bd7
45.b5 Nc5 46.Nxc5 dxc5 47.Nc4 b6 48.Ra3 Nd6 49.Bc3 Qe7 50.Qb2 Nxc4 51.Bxc4 Rh6
52.Kf2 g4 53.hxg4 hxg4 54.Rxh6+ Kxh6 55.Ra1 Bh4+ 56.Ke2 gxf3+ 57.gxf3 Rg8
58.Kd3 Rg3 59.Rf1 Bh3 60.Rf2 Rg1 61.Bxe5 Bxf2 62.Bxf4+ Kh7 63.Qxf2 Rg2 64.Qe1 Qf6
65.Be3 Kg6 66.Qd1 Qb2 67.Bb3 Rh2 68.Kc4 Bf1+  0-1

[Event "NOR-ch"]
[Site "Oslo"]
[Date "1998.??.??"]
[Round "5"]
[White "Ostenstad, Berge"]
[Black "Mork, Kjell Arne"]
[Result "1-0"]
[WhiteElo "2460"]
[BlackElo "2305"]

1.d4 Nf6 2.c4 g6 3.Nc3 Bg7 4.e4 d6 5.Nf3 O-O 6.Be2 e5 7.O-O Nc6 8.d5 Ne7
9.Ne1 Nd7 10.Be3 f5 11.f3 f4 12.Bf2 g5 13.a4 Ng6 14.a5 Rf7 15.b4 Bf8 16.c5 Rg7
17.c6 bxc6 18.dxc6 Nf6 19.b5 Be6 20.Rb1 Ne7 21.Qa4 Kh8 22.Bc4 Bc8 23.Nd5 Nexd5
24.exd5 g4 25.Bh4 Be7 26.Bxf6 Bxf6 27.fxg4 Bxg4 28.Bd3 Bh4 29.Nf3 Qf6 30.Qe4 Rag8
31.Kh1 Qh6 32.Rb2 Bg3 33.b6 cxb6 34.axb6 axb6 35.Ra1 Bh4 36.Rxb6 Bf2 37.Rb7 Qh5
38.Rxg7 Kxg7 39.Rb1 Kh8 40.Rb7 Rg7 41.Rb8+ Rg8 42.c7 Qf7 43.Nxe5 Qxc7 44.Rxg8+ Kxg8
45.Qxf4 dxe5 46.Qxg4+ Kh8 47.g3 Bc5 48.Kg2 Qf7 49.Qc8+ Bf8 50.Be4 Qf6 51.Qd7 Be7
52.Qe8+ Kg7 53.Qh5 h6 54.h4 Bc5 55.Qg4+ Kh8 56.Qc8+ Bf8 57.Qd7 Qg7 58.Qf5 Be7
59.Bd3 Bd6 60.Qe6 Qf8 61.Qg6 Qe7 62.Qxh6+ Kg8 63.Bf5  1-0

[Event "NOR-ch"]
[Site "Oslo"]
[Date "1998.??.??"]
[Round "5"]
[White "Johansen, Terje"]
[Black "Dannevig, Oystein"]
[Result "0-1"]
[WhiteElo "2260"]
[BlackElo "2325"]

1.d4 Nf6 2.c4 g6 3.Nc3 Bg7 4.e4 d6 5.Nf3 O-O 6.Be2 e5 7.O-O Nc6 8.d5 Ne7
9.Ne1 Nd7 10.Be3 f5 11.f3 f4 12.Bf2 g5 13.Rc1 Ng6 14.c5 Nxc5 15.b4 Na6 16.Nd3 h5
17.Nb5 Bd7 18.a4 Rf7 19.Nxa7 Bh6 20.Rc3 Nf8 21.Nb5 Nh7 22.Na3 Rg7 23.b5 Nb8
24.Qc2 g4 25.Rxc7 g3 26.Bb6 Qh4 27.Rc1 Qxh2+ 28.Kf1 Qh1+ 29.Bg1 h4 30.Rxd7 Nxd7
31.Qc7 h3 32.gxh3 g2+ 33.Kf2 Bg5  0-1

[Event "Atom Cup GM 3rd"]
[Site "Paks"]
[Date "1998.??.??"]
[Round "2"]
[White "Husari, Sate"]
[Black "Naiditsch, Arkadij"]
[Result "1/2-1/2"]
[WhiteElo "2290"]
[BlackElo "2390"]

1.d4 Nf6 2.c4 g6 3.Nc3 Bg7 4.e4 d6 5.Be2 O-O 6.Nf3 e5 7.O-O Nc6 8.d5 Ne7
9.b4 a5 10.bxa5 Rxa5 11.Nd2 Ra8 12.Nb3 Nd7 13.Be3 f5 14.f3 b6 15.a4 Nc5 16.a5 fxe4
17.fxe4 Rxf1+ 18.Bxf1 Qf8 19.axb6 Rxa1 20.Nxa1 cxb6 21.Qf3 Bd7 22.Qxf8+ Kxf8
23.Be2 Ng8 24.h3 Bh6 25.Kf2  1/2-1/2

[Event "Atom Cup GM 3rd"]
[Site "Paks"]
[Date "1998.??.??"]
[Round "10"]
[White "Karolyi, Tibor Jr"]
[Black "Vadasz, Laszlo"]
[Result "1/2-1/2"]
[WhiteElo "2425"]
[BlackElo "2350"]

1.d4 Nf6 2.c4 g6 3.Nc3 Bg7 4.e4 d6 5.Nf3 O-O 6.Be2 e5 7.O-O Nc6 8.d5 Ne7
9.Nd2 c5 10.a3 a5 11.Rb1  1/2-1/2

[Event "Pardubice Czech op"]
[Site "Pardubice"]
[Date "1998.??.??"]
[Round "6"]
[White "Pick, Stepan"]
[Black "Khmelnitsky, Sergei"]
[Result "1-0"]
[WhiteElo "2210"]
[BlackElo "2420"]

1.Nf3 Nf6 2.c4 g6 3.Nc3 Bg7 4.e4 d6 5.d4 O-O 6.Be2 e5 7.O-O Nc6 8.d5 Ne7
9.Bd2 Nd7 10.Rc1 f5 11.Ng5 Nf6 12.Qb3 b6 13.exf5 Nxf5 14.f4 exf4 15.Bxf4 h6
16.Nge4 Nxe4 17.Nxe4 Nd4 18.Qd1 Qh4 19.g3 Nxe2+ 20.Qxe2 Qg4 21.Qxg4 Bxg4
22.Nc3 Bh3 23.Rfe1 g5 24.Be3 Rf3 25.Nd1 Raf8 26.Nf2 Bxb2 27.Rc2 Bg7 28.Nxh3 Rxe3
29.Rxe3 Bd4 30.Kg2 Bxe3 31.Re2 Bd4 32.Ng1 Bf6 33.Nf3 Kf7 34.g4 Rc8 35.Re6 a6
36.a4 b5 37.axb5 axb5 38.cxb5 Rb8 39.Nd2 Rxb5 40.Ne4 Be7 41.Rxh6 Rxd5 42.Ng3 c5
43.Nf5 Bf6 44.Kf3 c4 45.Ne3 Rd3 46.Ke2 d5 47.h4 gxh4 48.Rh5 Ke6 49.g5 Bd4
50.Rh6+ Ke5 51.Nc2 c3 52.Kxd3  1-0

[Event "Pardubice Czech op"]
[Site "Pardubice"]
[Date "1998.??.??"]
[Round "7"]
[White "Ovsejevitsch, Sergei"]
[Black "Tihonov, Jurij"]
[Result "1-0"]
[WhiteElo "2475"]
[BlackElo "2400"]

1.d4 Nf6 2.c4 g6 3.Nc3 Bg7 4.e4 d6 5.Nf3 O-O 6.Be2 e5 7.O-O Nc6 8.d5 Ne7
9.Kh1 Nh5 10.Ng1 Nf4 11.Bf3 Kh8 12.g3 Nh3 13.Bg2 Nxg1 14.Kxg1 Ng8 15.Be3 f5
16.exf5 gxf5 17.f4 Nf6 18.Kh1 Bd7 19.c5 Qe8 20.cxd6 cxd6 21.Qb3 Ng4 22.Bg1 b6
23.Qb4 exf4 24.gxf4 Qg6 25.Rae1 Rae8 26.Nb5 a5 27.Qb3 Bh6 28.Qc3+ Bg7 29.Nd4 Bf6
30.Qd2 Rxe1 31.Rxe1 Rg8 32.Ne6 b5 33.Bf3 b4 34.Bd4 Bxd4 35.Qxd4+ Qf6 36.Qxf6+ Nxf6
37.Nd4 Ne4 38.Bxe4 fxe4 39.f5 Rg4 40.Ne6 Bxe6 41.fxe6  1-0

[Event "Pardubice Czech op"]
[Site "Pardubice"]
[Date "1998.??.??"]
[Round "9"]
[White "Likavsky, Tomas"]
[Black "Tihonov, Jurij"]
[Result "0-1"]
[WhiteElo "2280"]
[BlackElo "2400"]

1.d4 Nf6 2.c4 g6 3.Nc3 Bg7 4.e4 d6 5.Nf3 O-O 6.Be2 e5 7.O-O Nc6 8.d5 Ne7
9.Ne1 Nd7 10.Be3 f5 11.f3 f4 12.Bf2 g5 13.a4 h5 14.a5 Ng6 15.b4 Nf6 16.c5 g4
17.cxd6 g3 18.hxg3 fxg3 19.Bxg3 cxd6 20.Nd3 h4 21.Bf2 Bh6 22.Re1 Nh5 23.Bf1 Ng3
24.Ne2 Nxf1 25.Rxf1 h3 26.g3 Rxf3 27.Kh2 Bg4 28.Qb3 Qd7 29.Ng1 Rf7 30.b5 Raf8
31.Ra2 Be3 32.Rc2 Bd1 33.Re1 Bxf2 34.Qa2 Bd4 35.Nxh3  0-1

[Event "Paris op"]
[Site "Paris"]
[Date "1998.??.??"]
[Round "2"]
[White "Savchenko, Stanislav"]
[Black "Leuly, Max"]
[Result "1-0"]
[WhiteElo "2555"]
[BlackElo "2130"]

1.Nf3 Nf6 2.c4 g6 3.Nc3 Bg7 4.e4 d6 5.d4 O-O 6.Be2 e5 7.O-O Nc6 8.d5 Ne7
9.b4 Nh5 10.Re1 Nf4 11.Bf1 Bg4 12.h3 Bd7 13.Bxf4 exf4 14.Qd2 h6 15.e5 dxe5
16.Nxe5 g5 17.Bd3 Nf5 18.Rad1 Re8 19.Nf3 a5 20.Rxe8+ Qxe8 21.bxa5 Qd8 22.Ne4 Qe7
23.c5 Nd4 24.Nxd4 Bxd4 25.Qb4 Be5 26.d6 cxd6 27.cxd6 Qd8 28.Nc5 Bc6 29.Be4 Bxd6
30.Bxc6 bxc6 31.Nb7 Bxb4 32.Rxd8+ Rxd8 33.Nxd8 Bxa5 34.Nxc6 Bc3 35.a4 Kf8  1-0

[Event "Paris"]
[Site "Paris"]
[Date "1998.??.??"]
[Round "3"]
[White "Nikcevic, Nebojsa"]
[Black "Le Quang, Kim"]
[Result "1-0"]
[WhiteElo "2505"]
[BlackElo "2265"]

1.Nf3 Nf6 2.c4 g6 3.Nc3 Bg7 4.e4 d6 5.d4 O-O 6.Be2 e5 7.O-O Nc6 8.d5 Ne7
9.Bg5 Nh5 10.g3 f6 11.Bd2 f5 12.Ng5 Nf6 13.f3 c6 14.Be3 h6 15.Ne6 Bxe6 16.dxe6 Ne8
17.Qb3 b6 18.a4 Rb8 19.a5 bxa5 20.Qa2 Nc7 21.Rfd1 Kh8 22.Bc5 Nxe6 23.Bxd6 Rb7
24.Qxa5 Qxa5 25.Rxa5 Rd8 26.Ba3 Nd4 27.Kf2 Rbd7 28.Bf1 Ng8 29.exf5 gxf5 30.Bh3 Kh7
31.Ne2 Kg6 32.Nxd4 Rxd4 33.Rxd4 Rxd4 34.Rxa7 Bf6 35.Bf1 Rd2+ 36.Be2 e4 37.Ke1 Rd8
38.Ra6 Rc8  1-0